Szczegóły MARC21

Smart flexibility : moving smart and flexible working from theory to practice /

005 -DATA I CZAS OSTATNIEJ MODYFIKACJI [,]
    • @
    • pole kontrolne
    • 20140121103030.0
020 -Międzynarod. znormalizowany nr książki - ISBN [ , ]
    • a
    • Numer ISBN
    • 9780566088520 Find
020 -Międzynarod. znormalizowany nr książki - ISBN [ , ]
    • a
    • Numer ISBN
    • 9780754692089 Find
040 -Instytucja sporządzająca opis [ , ]
    • a
    • Instytucja, która sporządziła opis (NP)
    • SZCZ U/SA
    • c
    • Instytucja, która sporządziła rekord (NP)
    • SZCZ U/SA
    • d
    • Instytucja, która zmodyfikowała rekord (P)
    • SZCZ U/ML
041 -Język dokumentu [0, ]
    • a
    • Język tekstu (P)
    • angielski
044 -Kraj miejsca wydania [ , ]
    • a
    • Kraj miejsca wydania
    • Wielka Brytania
    • a
    • Kraj miejsca wydania
    • USA
942 -Rodzaj dokumentu [ , ]
    • c
    • Rodzaj dokumentu
    • Książka
100 -Hasło główne - nazwa osobowa [1, ]
    • 9
    • KHW
    • 66678
    • a
    • Nazwa osobowa (NP)
    • Lake, Andrew.
245 -Strefa tytułu i oznaczenia odpowiedzialności [1,0]
    • a
    • Tytuł
    • Smart flexibility : Find
    • b
    • Ciąg dalszy tytułu (NP)
    • moving smart and flexible working from theory to practice / Find
    • c
    • Pozostałe elementy strefy tytułu i oznaczenia odpowiedzialności (NP)
    • Andy Lake.
260 -Strefa adresu wydawniczego [ , ]
    • a
    • Miejsce wydania (P)
    • Farnham ;
    • a
    • Miejsce wydania (P)
    • Burlington :
    • b
    • Nazwa wydawcy (P)
    • Gower,
    • c
    • Data wydania (P)
    • cop. 2013.
300 -Strefa opisu fizycznego [ , ]
    • a
    • Określenie formy książki i/lub objętość (NP)
    • XXI, 286 s. :
    • b
    • Oznaczenie ilustracji (NP)
    • il. ;
    • c
    • Format (NP)
    • 25 cm.
504 -Uwaga dot. bibliogr. załącznikowej [ , ]
    • a
    • Uwaga dot. bibliografii załącznikowej
    • Bibliogr. s. 265-268. Indeks.
080 -Uniwersalna Klasyfikacja Dziesiętna [ , ]
    • 2
    • Identyfikator wydania tablic
    • UDC-P058
    • 9
    • UKD
    • 3043
    • a
    • Symbol klasyfikacji
    • 331.31
    • b
    • Dopowiedzenie
    • Czas pracy.
    • 4
    • UKD2
    • 7644
    • x
    • Poddział wspólny
    • =111
    • c
    • Dopowiedzenie poddz. wspólnego
    • =Język angielski.
080 -Uniwersalna Klasyfikacja Dziesiętna [ , ]
    • 2
    • Identyfikator wydania tablic
    • UDC-P058
    • 9
    • UKD
    • 2201
    • a
    • Symbol klasyfikacji
    • 005.591
    • b
    • Dopowiedzenie
    • Racjonalizacja. Modyfikacja. Ulepszanie. Poprawa. Intensyfikacja.
    • 4
    • UKD2
    • 7644
    • x
    • Poddział wspólny
    • =111
    • c
    • Dopowiedzenie poddz. wspólnego
    • =Język angielski.
080 -Uniwersalna Klasyfikacja Dziesiętna [ , ]
    • 2
    • Identyfikator wydania tablic
    • UDC-P058
    • 9
    • UKD
    • 2221
    • a
    • Symbol klasyfikacji
    • 005.91
    • b
    • Dopowiedzenie
    • Biurowość. Organizacja biura. Technika pracy biurowej. Zarządzanie biurem, pracą biurową.
    • 4
    • UKD2
    • 7644
    • x
    • Poddział wspólny
    • =111
    • c
    • Dopowiedzenie poddz. wspólnego
    • =Język angielski.
980 -Symbol UKD [ , ]
    • a
    • UKD
    • 331.31:005.591:005.91]=111
710 -Hasło dodatkowe - nazwa ciała zbiorowego [2, ]
    • 4
    • Kod relacji
    • pbl
    • 9
    • KHW
    • 66143
    • a
    • Nazwa ciała zbiorowego lub nazwa geograficzna jako pierwszy element (NP)
    • Gower Publishing.
920 -ISBN [ , ]
    • a
    • ISBN
    • 978-0-566-08852-0 Find
920 -ISBN [ , ]
    • a
    • ISBN
    • 978-0-7546-9208-9 Find
Status udost. Numer inwentarzowy Lokalizacja Data inwentaryzacji
-2T.13952T2013-12-09
-2TM.10770T2014-03-05